|
|
|
|
| LEADER |
01184nam a22003257a 4500 |
| 001 |
36163 |
| 003 |
BD-DhAAL |
| 005 |
20211206113119.0 |
| 008 |
200227t1997 enka|||| |||| 00| 0 eng d |
| 999 |
|
|
|c 42267
|d 42267
|
| 020 |
|
|
|a 060227513X
|
| 020 |
|
|
|a 0435999206
|
| 040 |
|
|
|a BD-DhAAL
|
| 082 |
|
|
|a 420.7
|
| 100 |
|
|
|a Richards, Haydn
|9 38912
|
| 245 |
|
|
|a Junior english 3 /
|c Haydn Richards
|
| 250 |
|
|
|a Revised edition
|
| 260 |
|
|
|a Aylesbury :
|b Ginn,
|c 1997
|
| 300 |
|
|
|a 90 pages :
|b illustrations ;
|c 24 cm
|
| 526 |
|
|
|a BIED
|
| 541 |
|
|
|a Complimentary copy from BIED
|e 36163
|
| 650 |
|
|
|a English language
|x Study and teaching.
|9 38913
|
| 650 |
|
|
|a English language
|v Problems, exercises, etc.
|v Juvenile literature.
|9 39635
|
| 650 |
|
|
|a Language arts (Elementary).
|9 39636
|
| 650 |
|
|
|a English language.
|9 39637
|
| 700 |
|
|
|a Burt, Angela
|9 38914
|
| 700 |
|
|
|a Lewis, Patricia
|9 38915
|
| 852 |
|
|
|a Ayesha Abed Library
|c BIED Collection
|
| 942 |
|
|
|2 ddc
|c BK
|
| 952 |
|
|
|0 0
|1 0
|2 ddc
|4 0
|6 420_700000000000000_RIC
|7 0
|9 68026
|a BRACUL
|b BRACUL
|c GEN
|d 2020-02-27
|e Complimentary copy from BIED
|l 0
|o 420.7 RIC
|p 3010036163
|r 2020-02-27
|t 1
|w 2020-02-27
|y BK
|x Transferred from BIED to General Stacks
|